Science Quiz

Random Science or Anatomy Quiz

Named Anatomy Quiz Stats

 Plays Quiz Updated Apr 16, 2014

Support Sporcle.
Go Orange.
Score 0/22 Timer 04:00
5 Plays Today
% Correct
Tendon
83.8%
Apparatus
64.5%
Islets
56.9%
Loop
47.2%
Capsule
43.6%
Bundle
42.9%
Area
42.7%
Node
41.6%
Circle
35%
Patches
32.3%
Ampulla
28.2%
% Correct
Factor
27.1%
Sphincter
25.8%
Follicle
23.9%
Organ
23.6%
Canal
21.4%
Crypts
19.7%
Gland
19.6%
Zonule
16.5%
Artery
15.8%
Spots
13.8%
Spaces
13.3%

You're not logged in!

Compare scores with friends on all Sporcle quizzes.
OR
Log In

From the Vault

Four Plus Five

by BanjoZebra

Quiz Topic: a 4-letter word followed by a 5-letter word.
Remove Ads.
Support Sporcle.
Get the best of Sporcle when you Go Orange. This ad-free experience offers more features, more stats, and more fun while also helping to support Sporcle. Thank you for becoming a member.

Show Comments

Extras

Top Quizzes Today


Score Distribution

Your Account Isn't Verified!

In order to create a playlist on Sporcle, you need to verify the email address you used during registration. Go to your Sporcle Settings to finish the process.

Report this User

Report this user for behavior that violates our Community Guidelines.

Details: